Staff and service management

Bibliographic Details
Main Author: D'Cruz E.M
Format: Book
Published: Kuala Lumpur : Golden Books Centre , 2002
Subjects:

MARC

LEADER 00000cam a2200000 7i4500
001 0000014465
005 20080311.0
008 030308
020 |a 9837204877 
090 0 0 |a 658.3   |b DCR 
100 1 |a D'Cruz E.M 
245 1 0 |a Staff and service management   |c E.M.D'Cruz 
260 |a Kuala Lumpur :   |b Golden Books Centre ,   |c 2002 
650 0 |a Personal management 
999 |a 0000926409   |b Book   |c Adult Collection   |e Cawangan Bukit Gambir 
999 |a 0000934202   |b Book   |c Adult Collection   |e Cawangan Tangkak 
999 |a 0000934203   |b Book   |c Adult Collection   |e Cawangan Tangkak 
999 |a 0000934204   |b Book   |c Adult Collection   |e Cawangan Tangkak 
999 |a 0001011419   |b Book   |c Adult Collection   |e Perbadanan Perpustakaan Awam Johor 
999 |a 0001011420   |b Book   |c Adult Collection   |e Perbadanan Perpustakaan Awam Johor